General chemistry / (Record no. 10027)
[ view plain ]
| 000 -LEADER | |
|---|---|
| fixed length control field | 00767cam a22002531 4500 |
| 001 - CONTROL NUMBER | |
| control field | 10027 |
| 003 - CONTROL NUMBER IDENTIFIER | |
| rucl marc code | BD-RjUL |
| 005 - DATE AND TIME OF LATEST TRANSACTION | |
| control field | 20211208234900.0 |
| 008 - FIXED-LENGTH DATA ELEMENTS--GENERAL INFORMATION | |
| fixed length control field | 140122s1965 paua b 001 0 eng |
| 035 ## - SYSTEM CONTROL NUMBER | |
| System control number | (BD-RjUL)10074 |
| 040 ## - CATALOGING SOURCE | |
| Original cataloging agency | DLC |
| Transcribing agency | ODaWU |
| Modifying agency | BD-RjUL |
| Language of cataloging | eng |
| 041 ## - LANGUAGE CODE | |
| Language code of text/sound track or separate title | eng |
| 082 00 - DEWEY DECIMAL CLASSIFICATION NUMBER | |
| Classification number | 540 |
| Author mark and year | GEN 1965 |
| 245 #0 - TITLE STATEMENT | |
| Title | General chemistry / |
| Statement of responsibility, etc. | W. F. Luder [and others] Illustrated by Sidney J. Rosenthal and Arthur V. McCarthy. |
| 250 ## - EDITION STATEMENT | |
| Edition statement | 3d ed. |
| 260 ## - PUBLICATION, DISTRIBUTION, ETC. (IMPRINT) | |
| Place of publication, distribution, etc. | Philadelphia : |
| Name of publisher, distributor, etc. | Saunders, |
| Date of publication, distribution, etc. | c1965. |
| 300 ## - PHYSICAL DESCRIPTION | |
| Pagination | xiii, 569 p. : |
| Illustrations | illus. ; |
| Size | 26 cm. |
| 504 ## - BIBLIOGRAPHY, ETC. NOTE | |
| Bibliography, etc | Includes bibliographies and index. |
| 650 #0 - SUBJECT ADDED ENTRY--TOPICAL TERM | |
| Topical term or geographic name as entry element | Chemistry. |
| 9 (RLIN) | 30957 |
| 700 1# - ADDED ENTRY--PERSONAL NAME | |
| Personal name | Luder, W. F. |
| Dates associated with a name | 1910- |
| Fuller form of name | (William Fay), |
| 942 ## - ADDED ENTRY ELEMENTS (KOHA) | |
| Source of classification or shelving scheme | Dewey Decimal Classification |
| Koha item type | Books |
| Lost status | Source of classification or shelving scheme | Damaged status | Not for loan | Collection code | Permanent Location | Current Location | Shelving location | Date acquired | Source of acquisition | Total Checkouts | Full call number | Date last seen | Copy number | Koha item type |
|---|---|---|---|---|---|---|---|---|---|---|---|---|---|---|
| Dewey Decimal Classification | Not For Loan | Non-fiction | Central Library, University of Rajshahi | Central Library, University of Rajshahi | Reading Room | 29/06/1967 | Prof. L. S. Hazelgrove | 540 GEN 1965 | 22/01/2014 | C-1 | Books |